| 000 | 01065nam a2200301 c 4500 | ||
|---|---|---|---|
| 999 |
_c14050 _d14050 |
||
| 003 | BLK | ||
| 005 | 20190226135402.0 | ||
| 008 | 180412b bul|||||r ||||||| ||bul|| | ||
| 010 | _aKNG00015743000 | ||
| 020 | _a954-455-025-7 | ||
| 040 | _aBLK | ||
| 041 |
_aBUL _cBUL |
||
| 080 |
_aАмериканска литература (на САЩ) _b821.111(73) _x-31 _z821.111(73)-31 |
||
| 100 | 1 |
_aМингър, Мириам _eпърви автор _996153 |
|
| 139 |
_aМингър, Мириам _bМ 62 |
||
| 245 | 1 | 0 |
_aКръстоносецът _bРоман _cМириам Мингър. |
| 257 | _aUSA | ||
| 260 |
_bИрис _c1996 _fВ. Търново : Абагар |
||
| 300 |
_a288 с. _c20 см |
||
| 380 | _aX | ||
| 490 | 1 | _aИстoрически любовни романи | |
| 500 | _aОриг. загл. Captive rose / Miriam Minger ; 5 000 тир. | ||
| 852 | _aЦб 191348 | ||
| 856 | 4 |
_qpdf _u |
|
| 856 | 4 |
_qpdf _u |
|
| 942 |
_cKNG _n0 _02 |
||
| 944 |
_aCR _c15.01.2003 _kAB_DOS |
||
| 944 |
_aED _c12.03.2018 _kГеновева_Генчева |
||
| 999 | _d14050 | ||